| 000 | 004890000a22001930004500 | ||
|---|---|---|---|
| 001 | 004897 | ||
| 003 | MACL | ||
| 005 | 20150910140252.0 | ||
| 008 | 150910b xxu||||| |||| 00| 0 eng d | ||
| 040 |
_aMACL _cMACL |
||
| 041 | _aEnglish | ||
| 082 | _a821/WIN | ||
| 100 |
_aWinter, Joe _99887 |
||
| 245 |
_aJibananda Das Naked Lonely Hand _bSelected Poems _cJoe Winter |
||
| 260 |
_aMeteor Books, _c2004 _bKolkata |
||
| 350 | _a150 | ||
| 650 |
_aEnglish Poetry _96237 |
||
| 942 |
_k821 _cBK _2ddc |
||
| 999 |
_c16780 _d16780 |
||